00385pab a2200133 454500008004000000100001800040245009800058260000900156300001400165362001200179650002400191650001600215773002000231180718b2006 xxu||||| |||| 00| 0 eng d aNabhi, Uma S. aEnvironmental movements in India: an assessment of their impact on state and non-state actors c2006 ap.123-45. aJan-Mar aEnvironment - India aEnvironment aIndia Quarterly